| 000 | 00000nam##2200000za#4500 |
| 001 | 9.675335 |
| 003 | CaOODSP |
| 005 | 20241203113636 |
| 007 | cr ||||||||||| |
| 008 | 150407|2001||||xxc|||||o f|0| 0 eng|d |
| 040 | |aCaOODSP|beng |
| 041 | |aeng |
| 041 | |afre |
| 043 | |an-cn--- |
| 086 | 1 |aCW66-203/2001-PDF |
| 110 | 1 |aCanada. |bEnvironment Canada. |
| 245 | 10|aCITES identification guide - sturgeons and paddlefish |h[electronic resource] |
| 260 | |aOttawa - Ontario : |bEnvironment Canada |cc2001. |
| 300 | |a181p.|bfigs. (some coloured), glossary, illus. (some coloured), maps (some coloured), table |
| 500 | |anull |
| 500 | |aThe catalogue number (CW66-203/2001) and ISBN (0-660-61641-6) for the bilingual print edition have been incorrectly copied in this electronic publication. |
| 546 | |aText in English, French and Spanish |
| 590 | |a11-07-Supp|b2011-05-17 |
| 690 | 07|aAgri-food products|2gcpds |
| 690 | 07|aFish|2gcpds |
| 690 | 07|aMarine biology|2gcpds |
| 776 | 0#|tGuide d'identification CITES - esturgeons et spatules |w(CaOODSP)9.662938 |
| 792 | |tGuide d'identification CITES - esturgeons et spatules |efre|w(CaOODSP)9.675336 |
| 856 | 40|ahttp://publications.gc.ca|qPDF|s10.42 MB|uhttps://publications.gc.ca/collections/collection_2011/ec/CW66-203-2001.pdf |